000 01371cam a2200337 a 4500
001 12118881
003 OSt
005 20210806154840.0
008 000726s2001 at a b 001 0 eng
010 _a 00060873
020 _a0534366325
038 _akhadija
040 _aDLC
_cDLC
_dDLC
050 0 0 _aQA37.2
_b.W34 2001b
082 0 0 _a510
_222
_bWAN
100 1 _aWaner, Stefan,
_d1949-
_935908
245 1 0 _aFinite mathematics /
_cStefan Waner, Steven Costenoble.
250 _a2nd ed.
260 _aAustralia ;
_a[Pacific Grove, CA] :
_bBrooks/Cole-Thomson Learning,
_cc2001.
300 _axiii, 539, 33, 18 p. :
_bill. ;
_c26 cm.
500 _aOriginally published: Finite mathematics & calculus applied to the real world. New York, NY : HarperCollinsCollege Pub., c1996.
504 _aIncludes bibliographical references and index.
563 _ahard cover
650 0 _aMathematics.
650 0 _aCalculus.
700 1 _aCostenoble, Steven R.,
_d1961-
_935911
700 1 _aWaner, Stefan,
_d1949-
_tFinite mathematics & calculus applied to the real world.
_981316
906 _a7
_bcbc
_corignew
_d1
_eocip
_f20
_gy-gencatlg
942 _2ddc
_cBK
999 _c31688
_d31688